South american archaeology: an introduction to the archaeology of the south american continent with special reference to the early history of Peru.

保存先:
書誌詳細
第一著者: Joyce, Thomas Athal (著者)
フォーマット: 図書
言語:英語
出版事項: London, England, United Kingdom Macmillan and Co. 1912
主題:
タグ: タグ追加
タグなし, このレコードへの初めてのタグを付けませんか!

MARC

LEADER 00000nam a2200000 a 4500
001 UCJ4903
003 CL-VaPUC
005 20240611105635.0
008 070124e19120000UK |||||||||||||||||eng|d
999 |c 321018  |d 321016 
040 |c Pontificia Universidad Católica de Valparaíso 
082 0 4 |a 980 JOY 1912  |2 21 
100 |a Joyce, Thomas Athal  |e author  |9 302345 
245 1 0 |a South american archaeology: an introduction to the archaeology of the south american continent with special reference to the early history of Peru. 
260 0 3 |a London, England, United Kingdom  |b Macmillan and Co.  |c 1912 
300 |a 292 páginas. 
500 |a Front., lámina en colores con reproducciones de alfarería nasca; fuera de texto, mapa de Sud América escala 1:1000 en la relación pulgada : millas estatutas; láminas fuera de texto e ilustraciones conforme a lo señalado en índice 
583 |a last modification  |c 20121001 12:38:34  |k Rodrigo Vera 
650 0 |a Arqueología   |9 265619 
650 0 |a Culturas precolombinas  |9 408769 
650 0 |a Aborígenes  |9 329972 
650 0 |a Alfarería  |9 341805 
650 0 |a Ilustraciones  |9 369481 
650 0 |a Mapas  |9 260844 
651 0 |a Bolivia  |9 255454 
651 0 |a Colombia  |9 256424 
651 7 |a CHILE  |2 CL-VaPUC  |9 509394 
651 0 |a Ecuador  |9 258378 
651 0 |a Perú  |9 256567 
651 0 |a Patagonia  |9 269580 
942 |c BK  |2 ddc 
945 |d 20070124 00:00:00  |a rinostro 
952 |0 0  |1 0  |2 ddc  |4 0  |6 980_000000000000000_JOY_1912  |7 0  |8 X  |9 399673  |a FDOBUD  |b FDOBUD  |d 2019-11-22  |i 1027581  |o 980 JOY 1912  |p 1027581  |r 2019-11-22  |t 1  |w 2019-11-22  |y BK_X  |k BUD